00594 2200229 4500001002100000005001500021035002000036007000300056008004100059100001300100245008400113250001000197300002400207020002200231082000800253084001400261090001400275260003900289650001100328850001000339990001500349INLIS00000000000316820260528064123 a0010-0321000131ta260528 0 0 aSutrisno1 aLovable English Grammar :bCara Fun Belajar Grammar Kamu Pasti Suka /cSutrisno aCet.1 av, 131 hlm ;c23 cm a978-602-98039-9-0 a420 a420 SUT l a420 SUT l aYogyakarta :bNew Diglossia,c2011 4aBahasa aPUPAD a899/B/2013